Latex thread and its industrial applications (Record no. 62092)

MARC details
000 -LEADER
fixed length control field 00306nam a2200121Ia 4500
100 ## - MAIN ENTRY--AUTHOR NAME
Personal name James R G
245 #0 - TITLE STATEMENT
Title Latex thread and its industrial applications
260 ## - PUBLICATION, DISTRIBUTION, ETC. (IMPRINT)
Name of publisher IRI Transactions
Year of publication 1949
300 ## - PHYSICAL DESCRIPTION
Number of Pages 220-226
650 ## - SUBJECT ADDED ENTRY--TOPICAL TERM
Topical Term Latex thread
942 ## - ADDED ENTRY ELEMENTS (KOHA)
Koha item type Journals
Holdings
Withdrawn status Lost status Damaged status Not for loan Home library Current library Shelving location Date acquired Serial Enumeration / chronology Koha item type
      Journals RRII Library RRII Library Rubber chemistry 17/12/2021 Volume 24, Issue 5 Journals